Pozvání do psychologie osobnosti : Člověk v zrcadle vědomí a jednání

Gespeichert in:
Bibliographische Detailangaben
1. Verfasser: Smékal, Vladimír (Verfasst von)
Format: Buch
Sprache:Tschechisch
Veröffentlicht: Brno : Barrister & Principal, 2002
Ausgabe:1. vyd.
Schlagworte:
Tags: Tag hinzufügen
Keine Tags, Fügen Sie das erste Tag hinzu!

MARC

LEADER 00000nam a22000003a 4500
001 stu79096
005 20150617225642.6
008 030220s2002----xr------------------cze-d
020 |a 80-85947-80-3 
040 |a STU  |b slo 
041 0 |a cze 
044 |a xr 
080 |a 159.923 
100 1 |a Smékal, Vladimír  |4 aut 
245 1 |a Pozvání do psychologie osobnosti :  |b Člověk v zrcadle vědomí a jednání 
250 |a 1. vyd. 
260 |a Brno :  |b Barrister & Principal,  |c 2002 
300 |a 517 s 
650 7 |a psychológia osobnosti  |2 stusub 
996 |b 284M039080  |c M*11074-1  |l MMKN  |s A  |a 24  |w stu79096_0001